000 00899nam a2200265Ia 4500
003 OSt
005 20221005110431.0
006 a|||||r|||| 00| 0
007 ta
008 221004b |||||||| |||| 00| 0 hin d
020 _a8170164869 (hbk)
_c450
024 _a21377
037 _b24019, 27/03/2015, Kitab Ghar
_cTextual
040 _aCRL
_cCRL
_bhin
041 _2hin
_ahin
082 _aO152:g, P0
100 _aत्रिपाठी, अरविन्द
245 0 _aआलोचना की साखी
246 _aĀlochanā kī sākhī
260 _aनई दिल्ली
_bकिताबघर भारत
_c2010
300 _a347पृ0
_ccm.
650 _aहिन्दी साहित्य
942 _hO152:g, P0
_cTEXL
_2cc
999 _c1018791
_d1018791